000 00744nam a2200229 i 4500
003 MX-MxUPN
005 20260525141838.0
008 260525s2023 mx||||||r|||| 000 0 spa d
020 _a9786074134995
040 _aMX-MxUPN
_bspa
_cMX-MxUPN
041 0 _aspa
050 1 4 _aHQ57.6 M6
_bR67 2023
100 1 _aRosales Mendoza, Adriana Leona
_948930
245 1 0 _aEducación sexual :
_bculpas, miedos y disputas (momentos históricos)
250 _a1a. edición.
260 _aCiudad de México :
_bUniversidad Pedagógica Nacional,
_c2023.
300 _a149 páginas
650 4 _aEducación sexual
_zMéxico
_xHistoria
_959688
650 4 _aJóvenes
_xConducta sexual
_zMéxico
_959694
902 _aVíctor Ruiz/250526
942 _2lcc
_cLIBRO
999 _c215198
_d215198